| 000 | 00356nam a2200121 a 4500 | ||
|---|---|---|---|
| 001 | 000046122 | ||
| 005 | 20201002052642.0 | ||
| 008 | 150624s1995 000 spa d | ||
| 040 |
_aDO-SdBNP _bspa _cBNPHU |
||
| 245 | 3 | _aLa mujeres en contra de ellas mismas. | |
| 260 |
_aSanto Domingo, República Dominicana, : _bUNICEF, _c1995. |
||
| 300 |
_a26 p. : ; _c26 cm. |
||
| 999 |
_c45611 _d45611 |
||